| 000 | 00836-am-a2200193-a-4500 | ||
|---|---|---|---|
| 001 | 000083235 | ||
| 003 | AM-YEHGA | ||
| 005 | 20250617164055.0 | ||
| 008 | 980519s1962 xxu 000 0 rus u | ||
| 040 | _aAM-YeHGA | ||
| 245 | 1 | 0 |
_aГрамматика бурятского языка : _bФонетика и морфология / _cОтв. ред. Г.Д. Санжеев и др. |
| 260 | 0 |
_aМосква : _bИзд-во вост. лит., _c1962. |
|
| 300 |
_a339 с. ; _c25 см. |
||
| 550 | _aАН СССР. Ин-т языкознания.Ин-т народов Азии.Бурятский комплексный научно-исследовательский институт | ||
| 650 | 4 | _aБурятский язык | |
| 700 | 1 | 0 |
_aСанжеев, Г.Д. _4edt |
| 700 | 1 |
_aБертагаев, Т.А. _4edt |
|
| 090 | _c520917 | ||
| 999 |
_c517366 _d517366 |
||